| 000 | 00540nam a22001937a 4500 | ||
|---|---|---|---|
| 003 | OSt | ||
| 005 | 20160516185218.0 | ||
| 008 | 160516b xxu||||| |||| 00| 0 eng d | ||
| 020 | _a0126755558. | ||
| 040 | _cDDC. | ||
| 082 | _a598.43STU 2001. | ||
| 100 |
_aTutchbury,M,J.Bridget;Morton,S.Eugene; _98829 |
||
| 245 | _aBehavioral Ecology of Tropical Birds. | ||
| 260 |
_aSan Diego; _bAcademic Press. _c2001 |
||
| 300 |
_aix,165p; _bill; _c24cm. |
||
| 504 | _aincludes references and index. | ||
| 650 |
_aBiology. _95602 |
||
| 942 |
_2ddc _cSLOAN |
||
| 999 |
_c4063 _d4063 |
||